Impact analyses of economic integration on agriculture and policy proposals toward poverty alleviation in rural East Asia

Contents: The impacts of economic integration in East Asian agriculture, especially in Thailand, Laos, inland China, and Indonesia.

שמור ב:
מידע ביבליוגרפי
פורמט: ספר
שפה:Undetermined
יצא לאור: Japan JIRCAS 2010
נושאים:
תגים: הוספת תג
אין תגיות, היה/י הראשונ/ה לתייג את הרשומה!
Thư viện lưu trữ: Trung tâm Học liệu Trường Đại học Cần Thơ
LEADER 00748nam a2200193Ia 4500
001 CTU_225708
008 210402s9999 xx 000 0 und d
082 |a 338.18 
082 |b I.34/No.69 
245 0 |a Impact analyses of economic integration on agriculture and policy proposals toward poverty alleviation in rural East Asia 
245 0 |c Edited by M. Ando 
260 |a Japan 
260 |b JIRCAS 
260 |c 2010 
520 |a Contents: The impacts of economic integration in East Asian agriculture, especially in Thailand, Laos, inland China, and Indonesia. 
650 |a Agriculture,Nông nghiệp 
650 |x Economic aspects,Khía cạnh kinh tế 
910 |b nthai 
980 |a Trung tâm Học liệu Trường Đại học Cần Thơ